000 00310nam a2200145Ia 4500
100 _aSmith/Heidi
942 _cBK
366 _f20
245 _aHow to pass numerical reasoning tests
260 _bKogan Page
_c2008
082 _a153.43
_bSMI
300 _a225
546 _aENGLISH
_cComputers
999 _c35415
_d35415